Evaluación del área de purificación del Ingenio Javier Guerra

En este trabajo se realizó la evaluación de las condiciones de los equipos y de los parámetros de operación del área de purificacion.

Bibliographic Details
Main Authors: Morazán Guillen, Gloria., Spence Pong, Stanley.
Other Authors: Tutor:
Format: Tesis Section = Libro
Language:Undetermined
Spanish
Published: Managua UNI 1983
Subjects:
LEADER 00794nam a2200217Ia 4500
008 240830s9999 xx 000 0 und d
040 |a CEDOC DACA-RUSB / Mon 664.113 M832 
041 |a spa 
082 |a Mon 664.113 M832 
100 1 |a Morazán Guillen, Gloria. 
100 1 |b Spence Pong, Stanley. 
245 1 0 |a Evaluación del área de purificación del Ingenio Javier Guerra 
260 |a Managua  |b UNI  |c 1983 
502 |a Tesis (Ingeniero Químico Industrial) -UNI, 1983. 
520 3 |a En este trabajo se realizó la evaluación de las condiciones de los equipos y de los parámetros de operación del área de purificacion.  
650 7 |a EXTRACCION Y OURIFICACION – AZUCARES 
650 7 |b INGENIERIA QUIMICA 
700 1 |a Tutor: 
942 |c BK  |2 ddc 
991 |a TESIS 
999 |c 26099